Toxic By BoyWithUke-Lyrics - Statistics

General Stats
  • This quiz has been taken 64 times
  • The average score is 214 of 327
Answer Stats
Lyrics % Correct
:)
100%
a
100%
all
98%
friends
98%
my
98%
to
98%
are
96%
i
96%
toxic
96%
need
94%
new
94%
oh
94%
so
94%
and
91%
but
91%
im
91%
it
91%
its
91%
rude
91%
not
89%
quick
89%
that
89%
always
85%
drowning
85%
me
85%
negative
85%
be
83%
easy
83%
let
83%
by
81%
myself
81%
of
79%
better
77%
ambitionless
72%
feel
72%
off
70%
breathe
68%
you
68%
do
64%
dont
64%
else
64%
alone
62%
know
62%
never
62%
somebody
62%
feels
60%
for
60%
how
60%
when
60%
out
57%
your
57%
feeling
55%
help
55%
was
55%
empty
53%
ill
53%
life
53%
make
53%
on
53%
without
53%
baby
51%
cellphone
51%
crying
51%
hear
51%
is
51%
kinda
51%
ringing
51%
though
49%
chocolate
47%
bit
45%
chewin
45%
hours
43%
up
43%
wood
43%
counting
40%
good
38%
knocking
38%
backing
36%
bottles
34%
showed
34%
avoiding
32%
immaculate
32%
die
30%
drinking
30%
fell
30%
minute
30%
screwed
30%
thinking
30%
admit
28%
booze
28%
opposites
28%
see
28%
should
28%
what
28%
had
26%
running
26%
time
26%
want
26%
guys
23%
river
23%
said
23%
take
23%
thats
23%
away
21%
find
21%
id
21%
lies
21%
limited
21%
pride
21%
rigid
21%
seconds
21%
told
21%
took
21%
way
21%
where
21%
another
19%
cannot
19%
into
19%
this
19%
youre
19%
taking
17%
wonder
13%
if
9%
No matching quizzes found
Score Distribution
Percent of People with Each Score
Percentile by Number Answered
Your Score History
You have not taken this quiz